00203 a2200109 4500001000700000020000600007040001100013100002100024240002200045245001700067362000900084170642 a  cMagnum aVilarrubias, Pia10a! Otra vez !lESP10a! Otra vez !0 a1899